00421nam a2200085Ia 4500008004100000245017200041260000900213300008800222650002500310180130s9999 xx 000 0 und d cHo, Anh Thu Phan; Hoang, Bao An Mai; Sawaya, Wadih; Bas, PatrickaDocument authentication using graphical codes: reliable performance analysis and channel optimization c2016 aBook title: Handbook of information security--Acession number C20533; pages 126-142 aINFORMATION SECURITY